000 00415nam a2200181Ia 4500
001 3302
005 20260306145633.0
008 260306t2002||||xx |||||||||||||| ||spa||
041 _aESP
082 _a268
_bP44
100 _aPseudo, Dionisio Areopagita
_eAUT
245 0 _aObras completas
260 _c2002
300 _a285 páginas :
_c21 cm.
650 _aGEN
654 _aCHU
942 _cLIB
_dJUS
_fJUS
_2ddc
_n
999 _c3302
_d3302